Miasta w Libii - nagła śmierć - Statystyki

Ogólne statystyki
  • Ten quiz został rozwiązany 18 razy
  • Średni wynik to 6 z 11
Answers on the Grid
Answers color-coded by a green-red scale on the quiz's grid according to % correct below.
Trypolis
Bengazi
Misrata
Al-Bajda
Zalitan
Al-Chums
Az-Zawija
Sabha
Tobruk
Adżdabija
Oran
Konstantyna
Giza
Kano
Akra
Syrta
Moundou
Dżuba
 
Statystyki odpowiedzi
Odpowiedź % Poprawnych
Trypolis
92%
Tobruk
75%
Az-Zawija
58%
Bengazi
58%
Syrta
58%
Al-Bajda
50%
Al-Chums
50%
Adżdabija
42%
Sabha
42%
Misrata
33%
Zalitan
33%
Nie znaleziono quizów pasujących do podanych kryteriów
Rozkład punktacji
Procent ludzi z każdym wynikiem
Percentyl według liczby udzielonych odpowiedzi
Twoja historia wyników
Nie rozwiązałeś tego quizu